| 000 | 00843nam a22002177a 4500 | ||
|---|---|---|---|
| 008 | 090525t xxu||||| |||| 00| 0 eng d | ||
| 020 | _a9780141013992 (pbk.) | ||
| 020 | _a0141013990 (pbk.) | ||
| 082 |
_222 _a297.03 _bNAN |
||
| 100 |
_aNanji, Azim. _95217 |
||
| 245 |
_aThe Penguin Dictionary of Islam / _cAzim Nanji with Razia Nanji. |
||
| 246 | _aDictionary of Islam | ||
| 260 |
_aLondon : _bPenguin, _cc2008. |
||
| 300 |
_ax, 303 p. : _bill., maps ; _c20 cm. |
||
| 500 | _aCover and spine title: Dictionary of Islam. | ||
| 504 | _aIncludes bibliographical references (p. 224-303). | ||
| 650 |
_aIslam -- Dictionaries. _95218 |
||
| 700 |
_aNanji, Razia. _95219 |
||
| 942 |
_2ddc _cREFERENCE |
||
| 999 |
_c11628 _d11628 |
||